[Event "Topusko op 5th"]
[Site "Topusko"]
[Date "2016.08.13"]
[Round "9"]
[White "Djulic, Almin"]
[Black "Zidar, Jernej"]
[Result "1/2-1/2"]
[WhiteElo "2000"]
[BlackElo "1263"]
[PlyCount "55"]
[EventDate "2016.08.06"]
[EventType "swiss"]
[EventRounds "9"]
[EventCountry "CRO"]
[SourceTitle "CBM 173 Extra"]
[Source "ChessBase"]
[SourceDate "2016.08.29"]
[SourceVersion "1"]
[SourceVersionDate "2016.08.29"]
[SourceQuality "1"]

1. e4 c5 2. Nf3 d6 3. Nc3 Nf6 4. d4 cxd4 5. Nxd4 a6 6. h3 e5 7. Nf3 Be6 8. Bg5 Nbd7 9. Be2 h6 10. Bxf6 Nxf6 11. 0-0 Be7 12. Qd3 0-0 13. Rfd1 b5 14. Qe3 Qd7 15. Nxe5 Qc7 16. Nd3 Rfd8 17. Bf3 Rac8 18. a3 d5 19. exd5 Bxd5 20. Nxd5 Nxd5 21. Bxd5 Rxd5 22. Ne1 Re5 23. Qf3 Bf6 24. c3 Rce8 25. Nd3 Re2 26. Re1 Rxe1+ 27. Rxe1 Rxe1+ 28. Nxe1 1/2-1/2

[Event "Topusko op 5th"]
[Site "Topusko"]
[Date "2016.08.09"]
[Round "5"]
[White "Runje, Andrija"]
[Black "Djulic, Almin"]
[Result "1-0"]
[WhiteElo "2053"]
[BlackElo "2000"]
[PlyCount "113"]
[EventDate "2016.08.06"]
[EventType "swiss"]
[EventRounds "9"]
[EventCountry "CRO"]
[SourceTitle "CBM 173 Extra"]
[Source "ChessBase"]
[SourceDate "2016.08.29"]
[SourceVersion "1"]
[SourceVersionDate "2016.08.29"]
[SourceQuality "1"]

1. d4 e6 2. c4 b6 3. Nc3 Bb4 4. Qc2 Bb7 5. a3 Bxc3+ 6. bxc3 h6 7. e4 Qh4 8. Bd3 d6 9. Nf3 Qe7 10. 0-0 Nf6 11. h3 Nbd7 12. Be3 0-0 13. Nh2 e5 14. d5 Rfd8 15. Rae1 c6 16. f4 cxd5 17. cxd5 Rdc8 18. g4 exf4 19. Rxf4 Nh7 20. Bd4 Ne5 21. Ref1 Ng5 22. Kg2 f6 23. h4 Ngf7 24. Be2 Rc7 25. R1f2 Rac8 26. Nf1 Ng6 27. Kg3 Nxf4 28. Rxf4 Ne5 29. Qd2 Ng6 30. Rf2 Re8 31. Bd3 Ne5 32. Bb5 Rf8 33. Ne3 Bc8 34. Be2 Re8 35. Bb5 Bd7 36. Bxd7 Nxd7 37. Nf5 Qf8 38. g5 Kh7 39. gxh6 g6 40. Ng7 Nc5 41. Bxc5 dxc5 42. Ne6 Qd6+ 43. Qf4 Qxf4+ 44. Rxf4 Rf7 45. Ng5+ fxg5 46. Rxf7+ Kxh6 47. hxg5+ Kxg5 48. Kf3 Rh8 49. d6 Rh3+ 50. Ke2 Rh2+ 51. Kd3 b5 52. d7 Rh3+ 53. Ke2 Rh8 54. e5 c4 55. e6 Rh2+ 56. Kd1 Rh1+ 57. Ke2 1-0

[Event "Topusko op 5th"]
[Site "Topusko"]
[Date "2016.08.07"]
[Round "2"]
[White "Hodnikovic, Nenad"]
[Black "Djulic, Almin"]
[Result "0-1"]
[WhiteElo "1657"]
[BlackElo "2000"]
[PlyCount "96"]
[EventDate "2016.08.06"]
[EventType "swiss"]
[EventRounds "9"]
[EventCountry "CRO"]
[SourceTitle "CBM 173 Extra"]
[Source "ChessBase"]
[SourceDate "2016.08.29"]
[SourceVersion "1"]
[SourceVersionDate "2016.08.29"]
[SourceQuality "1"]

1. e4 e6 2. f4 Nc6 3. Nf3 a6 4. d4 d6 5. Bc4 Bd7 6. Nc3 Nf6 7. e5 Ng8 8. 0-0 d5 9. Bd3 h6 10. Be3 Qe7 11. Ne2 Nb4 12. Ne1 h5 13. a3 Nxd3 14. Nxd3 Nh6 15. Bd2 Nf5 16. Nc5 b6 17. Nb3 Bb5 18. Rf3 Bc4 19. Nbc1 g6 20. Bb4 c5 21. Bc3 Bg7 22. b3 Bb5 23. a4 Bc6 24. Nd3 a5 25. Nf2 0-0 26. Qd2 Qc7 27. g4 hxg4 28. Nxg4 b5 29. axb5 Bxb5 30. Ng3 cxd4 31. Bxa5 Qc5 32. Nxf5 exf5 33. Nf2 Rfc8 34. Rc1 Ra6 35. Bb4 Qa7 36. Kg2 Ra2 37. Nd3 Bf8 38. Bxf8 Rxf8 39. Nb4 Ra5 40. Nxd5 Bc6 41. c4 dxc3 42. Nf6+ Kg7 43. Rcxc3 Bxf3+ 44. Kxf3 Rh8 45. Rc2 Ra1 46. Qd3 Rg1 47. Qd2 Rh3+ 48. Ke2 Qa6+ 0-1